ا قبا ليا ت 4 (Record no. 172325)

MARC details
000 -LEADER
fixed length control field 00617nam a22001937a 4500
005 - DATE AND TIME OF LATEST TRANSACTION
control field 20200131164914.0
010 ## - LCCN (DPL NO)
LC control number A-688049
020 ## - INTERNATIONAL STANDARD BOOK NUMBER
Terms of availability 20.00
International Standard Book Number -
035 ## - SYSTEM CONTROL NUMBER
System control number A-688049
037 ## - SOURCE OF ACQUISITION
Source of stock number/acquisition DBAD/PUB
Stock number -
082 ## - DEWEY DECIMAL CLASSIFICATION NUMBER
Classification number 841.08
100 ## - MAIN ENTRY--PERSONAL NAME
Personal name محمد ا مين ا ند ر ا بی
245 ## - TITLE STATEMENT
Title ا قبا ليا ت 4
Statement of responsibility, etc محمد ا مين ا ند ر ا بی
246 ## - VARYING FORM OF TITLE
Remainder of title Iqbaliyat -4 (Urdu)
Title proper/short title by mohd. Ameen Indrabi
260 ## - PUBLICATION, DISTRIBUTION, ETC. (IMPRINT)
Place of publication, distribution, etc Sri Nagar
Name of publisher, distributor, etc Iqbal Institute
Date of publication, distribution, etc 1988 ء
270 ## - ADDRESS
Address Kashmir University,
City Sri Nagar
Postal code -
Telephone number -
Fax number -
300 ## - PHYSICAL DESCRIPTION
Extent 138 ص
Dimensions 22 Cm(Hb)
942 ## - ADDED ENTRY ELEMENTS (KOHA)
Source of classification or shelving scheme Dewey Decimal Classification
Item type Urdu Bks
Classification part 841.08
Call number suffix ا ق ب
Holdings
Withdrawn status Lost status Not for loan Collection code Home library Current library Date acquired Source of acquisition Cost, normal purchase price Full call number Barcode Copy number Cost, replacement price Koha item type
      Non-fiction Central Library Central Library 31/01/2020 BPPD/Ven. 20.00 841.08 ا ق ب A-688049 1 20.00 Urdu Bks

© Delhi Public Library
Hit Counter
free hit counter